[Event "Titled Tuesday intern op 16th Apr Late"]
[Site "Chess.com INT"]
[Date "2024.04.16"]
[Round "2"]
[White "Ashraf, Artin"]
[Black "Chor, Kevin"]
[Result "1-0"]
[WhiteElo "2399"]
[BlackElo "1966"]
[PlyCount "79"]
[EventDate "2024.04.16"]
[EventType "swiss (blitz)"]
[EventRounds "11"]
[EventCountry "USA"]
[SourceTitle "CB17_2024"]
[SourceDate "2024.04.24"]
[SourceVersion "1"]
[SourceVersionDate "2024.04.24"]
[SourceQuality "1"]

1. e4 c5 2. Nf3 Nc6 3. Nc3 g6 4. d4 cxd4 5. Nxd4 Bg7 6. Nb3 Nf6 7. Be2 0-0 8. 0-0 a5 9. a4 Qc7 10. Re1 d6 11. Nd5 Nxd5 12. exd5 Nb4 13. c3 Bf5 14. cxb4 Bc2 15. Qd2 Bxb3 16. Ra3 Bc4 17. Bxc4 Qxc4 18. bxa5 Rfc8 19. h3 Rc5 20. b4 Rxd5 21. Qa2 Qxb4 22. Rae3 Re5 23. Bd2 Qc5 24. Qb3 Qc7 25. Rc1 Qd7 26. Rxe5 Bxe5 27. Rb1 Rd8 28. Qxb7 Qxa4 29. Qxe7 Rd7 30. Rb8+ Kg7 31. Qf8+ Kf6 32. Qh8+ Kf5 33. g4+ Ke4 34. Qc8 Qd1+ 35. Be1 Qxe1+ 36. Kg2 Ra7 37. Qc4+ Bd4 38. Re8+ Kf4 39. Qxd4+ Kg5 40. Rxe1 1-0

[Event "Titled Tuesday intern op 16th Apr Late"]
[Site "Chess.com INT"]
[Date "2024.04.16"]
[Round "11"]
[White "Nasuta, Grzegorz"]
[Black "Ashraf, Artin"]
[Result "0-1"]
[WhiteElo "2552"]
[BlackElo "2399"]
[PlyCount "106"]
[EventDate "2024.04.16"]
[EventType "swiss (blitz)"]
[EventRounds "11"]
[EventCountry "USA"]
[SourceTitle "CB17_2024"]
[SourceDate "2024.04.24"]
[SourceVersion "1"]
[SourceVersionDate "2024.04.24"]
[SourceQuality "1"]

1. e4 c5 2. Nf3 Nc6 3. Bb5 g6 4. Bxc6 bxc6 5. d4 cxd4 6. Qxd4 f6 7. 0-0 Bg7 8. c4 Nh6 9. h3 0-0 10. Nc3 Nf7 11. Rd1 Qc7 12. c5 Rd8 13. Qe3 d6 14. b3 f5 15. exf5 Bxf5 16. cxd6 exd6 17. Bb2 Re8 18. Qd2 Rad8 19. Ne2 Be4 20. Nfd4 c5 21. f3 cxd4 22. fxe4 d3 23. Ng3 Bxb2 24. Qxb2 Ne5 25. Qd4 Rc8 26. Nf1 Qc5 27. Qxc5 Rxc5 28. Ne3 Rec8 29. Rd2 Rc1+ 30. Rxc1 Rxc1+ 31. Rd1 Rc5 32. Kf2 Kf7 33. Ke1 Ke6 34. Kd2 Ra5 35. a4 Rc5 36. Rf1 Rc8 37. Nd1 Rc2+ 38. Ke3 Re2+ 39. Kd4 d2 40. Nc3 Re1 41. Rf8 d1Q+ 42. Nxd1 Rxd1+ 43. Kc3 Rc1+ 44. Kb2 Nd3+ 45. Ka2 Rc2+ 46. Ka3 Rxg2 47. Ra8 Rg3 48. Rxa7 Nc5 49. Rxh7 Rxb3+ 50. Ka2 Rb4 51. Rh6 Rxa4+ 52. Kb2 Kf6 53. h4 Kg7 0-1

[Event "Titled Tuesday intern op 02nd Apr Early"]
[Site "Chess.com INT"]
[Date "2024.04.02"]
[Round "6"]
[White "Ashraf, Artin"]
[Black "Dragnev, Valentin"]
[Result "1-0"]
[WhiteElo "2399"]
[BlackElo "2571"]
[PlyCount "101"]
[EventDate "2024.04.02"]
[EventType "swiss (blitz)"]
[EventRounds "11"]
[EventCountry "USA"]
[SourceTitle "CB15_2024"]
[SourceDate "2024.04.10"]
[SourceVersion "1"]
[SourceVersionDate "2024.04.10"]
[SourceQuality "1"]

1. c4 c5 2. Nf3 Nc6 3. Nc3 e5 4. e3 f5 5. d4 e4 6. Ng1 Nf6 7. dxc5 Bxc5 8. a3 a5 9. Nh3 0-0 10. Be2 d6 11. b3 h6 12. Nf4 Ne5 13. Bb2 Qe7 14. Na4 Rd8 15. 0-0 Bd7 16. Nxc5 dxc5 17. Nd5 Nxd5 18. Qxd5+ Nf7 19. Bh5 Be6 20. Bxf7+ Kxf7 21. Qe5 Qf6 22. Qc7+ Qe7 23. Qg3 Kg8 24. a4 Rd2 25. Qe5 Rad8 26. Bc3 R2d3 27. Bxa5 R8d7 28. Bc3 b6 29. h4 Kh7 30. g3 Qf7 31. a5 bxa5 32. Rxa5 Rb7 33. Rxc5 Rxb3 34. Bd4 Rb7 35. g4 Re7 36. gxf5 Bxc4 37. Qf4 Rxd4 38. exd4 Bxf1 39. Kxf1 Qb3 40. Re5 Qd1+ 41. Kg2 Rxe5 42. dxe5 Qd5 43. e6 Kg8 44. Kh2 Kf8 45. h5 Ke7 46. Qc7+ Kf6 47. Qf7+ Ke5 48. Qxg7+ Kxf5 49. Qg6+ Ke5 50. e7 Qd7 51. e8Q+ 1-0

[Event "Titled Tuesday intern op 02nd Apr Early"]
[Site "Chess.com INT"]
[Date "2024.04.02"]
[Round "4"]
[White "Ashraf, Artin"]
[Black "Efimenko, Zahar"]
[Result "1-0"]
[WhiteElo "2399"]
[BlackElo "2565"]
[PlyCount "59"]
[EventDate "2024.04.02"]
[EventType "swiss (blitz)"]
[EventRounds "11"]
[EventCountry "USA"]
[SourceTitle "CB15_2024"]
[SourceDate "2024.04.10"]
[SourceVersion "1"]
[SourceVersionDate "2024.04.10"]
[SourceQuality "1"]

1. c4 e5 2. Nc3 Nf6 3. Nf3 Nc6 4. e3 Bb4 5. Qc2 Bxc3 6. Qxc3 Qe7 7. a3 d5 8. cxd5 Nxd5 9. Qb3 Nb6 10. d3 0-0 11. Be2 Rd8 12. Qc2 Bf5 13. Nd2 Bg6 14. b4 a6 15. Bb2 f5 16. 0-0 f4 17. Rac1 fxe3 18. fxe3 Nd5 19. Nc4 Qg5 20. Rf3 Rf8 21. Rg3 Qe7 22. Qb3 Bf7 23. Qc2 Rad8 24. Nd2 Bg6 25. Ba1 Kh8 26. Ne4 Nf6 27. Nc5 e4 28. dxe4 Nxe4 29. Nxe4 Bxe4 30. Rxg7 1-0

[Event "Titled Tuesday intern op 12th Mar Late"]
[Site "Chess.com INT"]
[Date "2024.03.12"]
[Round "3"]
[White "Ashraf, Artin"]
[Black "Vlassov, Nikolai"]
[Result "1-0"]
[WhiteElo "2399"]
[BlackElo "2299"]
[PlyCount "65"]
[EventDate "2024.03.12"]
[EventType "swiss (blitz)"]
[EventRounds "11"]
[EventCountry "USA"]
[SourceTitle "CB12_2024"]
[SourceDate "2023.10.01"]
[SourceVersion "1"]
[SourceVersionDate "2023.10.01"]
[SourceQuality "1"]

1. c4 e5 2. Nc3 Nf6 3. g3 h5 4. Nf3 e4 5. Ng5 c6 6. Qa4 b5 7. cxb5 d5 8. bxc6 Qb6 9. c7+ Nc6 10. Bg2 Bd7 11. Qd1 h4 12. 0-0 hxg3 13. hxg3 Bd6 14. d3 Bxg3 15. dxe4 Bh2+ 16. Kh1 Bxc7+ 17. Kg1 Bh2+ 18. Kh1 Bb8+ 19. Kg1 Bh2+ 20. Kh1 Bf4+ 21. Kg1 Bxg5 22. Bxg5 Qc7 23. f3 dxe4 24. Bxf6 e3 25. f4 gxf6 26. Qd3 0-0-0 27. Nd5 Qa5 28. Rac1 Rdg8 29. Ne7+ Kb8 30. Qd6+ Qc7 31. Nxc6+ Bxc6 32. Qxc6 Qxc6 33. Rxc6 1-0

[Event "Moscow Aeroflot op-A"]
[Site "Moscow"]
[Date "2024.03.03"]
[Round "2"]
[White "Ashraf, Artin"]
[Black "Vokhidov, Shamsiddin"]
[Result "1/2-1/2"]
[WhiteElo "2399"]
[BlackElo "2596"]
[PlyCount "73"]
[EventDate "2024.03.03"]
[EventType "swiss"]
[EventRounds "9"]
[EventCountry "RUS"]
[SourceTitle "CB11_2024"]
[SourceDate "2024.03.13"]
[SourceVersion "1"]
[SourceVersionDate "2024.03.13"]
[SourceQuality "1"]

1. d4 Nf6 2. c4 e6 3. Nf3 d5 4. g3 dxc4 5. Bg2 c6 6. Ne5 Bb4+ 7. Bd2 Be7 8. e3 b5 9. Nxc6 Nxc6 10. Bxc6+ Bd7 11. Bxa8 Qxa8 12. f3 e5 13. dxe5 Ng4 14. 0-0 Nxe5 15. Bc3 Nd3 16. a4 b4 17. Bxg7 Rg8 18. Bd4 Bd6 19. Rf2 Bh3 20. Qc2 Bxg3 21. hxg3 Rxg3+ 22. Kh2 Rg6 23. Nd2 Nxf2 24. Rg1 Qb8+ 25. f4 Qb7 26. e4 Ng4+ 27. Kxh3 Qd7 28. f5 Qxd4 29. Nf3 Qf2 30. fxg6 Qxf3+ 31. Rg3 Nf2+ 32. Qxf2 Qxf2 33. g7 Qf1+ 34. Kh2 Qf2+ 35. Kh3 Qf1+ 36. Kh2 Qf2+ 37. Kh3 1/2-1/2

[Event "Moscow Aeroflot op-A"]
[Site "Moscow"]
[Date "2024.03.03"]
[Round "1"]
[White "Shimanov, Aleksandr"]
[Black "Ashraf, Artin"]
[Result "1/2-1/2"]
[WhiteElo "2578"]
[BlackElo "2399"]
[PlyCount "158"]
[EventDate "2024.03.03"]
[EventType "swiss"]
[EventRounds "9"]
[EventCountry "RUS"]
[SourceTitle "CB11_2024"]
[SourceDate "2024.03.13"]
[SourceVersion "1"]
[SourceVersionDate "2024.03.13"]
[SourceQuality "1"]

1. Nf3 d5 2. g3 Nd7 3. d4 Nb6 4. Nc3 Bf5 5. Nh4 e6 6. Nxf5 exf5 7. Qd3 g6 8. Bg2 Nf6 9. 0-0 Bg7 10. a4 a5 11. Qe3+ Ne4 12. f3 c5 13. Nb5 cxd4 14. Qf4 Nc5 15. Nc7+ Ke7 16. Nxa8 Ne6 17. Qd2 Qxa8 18. b3 Rc8 19. Ba3+ Ke8 20. Rae1 Rc3 21. Bb2 Rc5 22. f4 Qc8 23. Ba3 Rc3 24. Rf3 Rxc2 25. Qxa5 Qc6 26. Rd3 Bf8 27. b4 Bd6 28. Qa7 Qc7 29. a5 Nc4 30. a6 bxa6 31. Qxa6 Ne3 32. Bxd5 Nxd5 33. Qa8+ Ke7 34. Qxd5 Rc3 35. Red1 Qa7 36. Ra1 Qc7 37. Qf3 Qc4 38. Bb2 Rc2 39. Ba3 Rc3 40. Kf1 Kf8 41. b5 Bxa3 42. Rxa3 Rxa3 43. Rxa3 Qxb5 44. Ra7 Kg7 45. Qb7 Qxb7 46. Rxb7 h6 47. Rd7 Kf8 48. Ke1 Ke8 49. Rd5 Ke7 50. Kf2 Kf6 51. Rd7 Kg7 52. Kf3 Kf6 53. h3 g5 54. fxg5+ Nxg5+ 55. Kg2 Ne6 56. Rd5 Kg6 57. Kf3 h5 58. Ra5 Ng5+ 59. Kg2 Ne6 60. Kf2 Kf6 61. Rd5 Kg6 62. h4 Kf6 63. Ke1 Kg6 64. Kd2 Kf6 65. Ra5 f4 66. gxf4 Nxf4 67. Rg5 Ke6 68. Ke1 f6 69. Rg7 Kf5 70. Kf2 Ng6 71. Kg3 Ne5 72. Rh7 Kg6 73. Rh8 d3 74. exd3 Nxd3 75. Kf3 Ne5+ 76. Ke4 Ng4 77. Kf4 Ne5 78. Rg8+ Kf7 79. Rg1 Ng6+ 1/2-1/2

[Event "Titled Tuesday intern op 13th Feb Early"]
[Site "Chess.com INT"]
[Date "2024.02.13"]
[Round "4"]
[White "Andreev, Konstantin1"]
[Black "Ashraf, Artin"]
[Result "1-0"]
[WhiteElo "2228"]
[BlackElo "2399"]
[PlyCount "85"]
[EventDate "2024.02.13"]
[EventType "swiss (blitz)"]
[EventRounds "11"]
[EventCountry "USA"]
[SourceTitle "CB08_2024"]
[SourceDate "2024.02.21"]
[SourceVersion "1"]
[SourceVersionDate "2024.02.21"]
[SourceQuality "1"]

1. e4 e5 2. Nf3 Nc6 3. Bc4 Bc5 4. c3 Nf6 5. d4 exd4 6. b4 Bb6 7. e5 d5 8. exf6 dxc4 9. Qe2+ Be6 10. b5 d3 11. Qe4 Na5 12. fxg7 Rg8 13. Bg5 Qd5 14. Qxh7 Kd7 15. 0-0 Rae8 16. Nbd2 Bf5 17. Qh6 Re6 18. Bf6 Qd6 19. Rae1 Rxf6 20. Qh8 Rxh8 21. gxh8Q Re6 22. Ne5+ Ke7 23. Nexc4 Nxc4 24. Nxc4 Qf4 25. Nxb6 axb6 26. Rxe6+ Bxe6 27. Qd4 Qxd4 28. cxd4 Bxa2 29. Rd1 Bc4 30. f4 Bxb5 31. Kf2 Bc4 32. Ke3 b5 33. Rb1 f5 34. h3 b6 35. g4 c5 36. g5 b4 37. h4 Ba2 38. Rb2 b3 39. Kxd3 Kd6 40. dxc5+ bxc5 41. h5 Kd5 42. h6 c4+ 43. Kc3 1-0

[Event "Titled Tuesday intern op 06th Feb Early"]
[Site "Chess.com INT"]
[Date "2024.02.06"]
[Round "3"]
[White "Bambino Filho, Antonio Carlos"]
[Black "Ashraf, Artin"]
[Result "0-1"]
[WhiteElo "2166"]
[BlackElo "2399"]
[PlyCount "78"]
[EventDate "2024.02.06"]
[EventType "swiss (blitz)"]
[EventRounds "11"]
[EventCountry "USA"]
[SourceTitle "CB07_2024"]
[SourceDate "2024.02.14"]
[SourceVersion "1"]
[SourceVersionDate "2024.02.14"]
[SourceQuality "1"]

1. d4 d5 2. c4 dxc4 3. Nf3 a6 4. a4 e6 5. e3 c5 6. Bxc4 cxd4 7. exd4 Nf6 8. 0-0 Be7 9. Nc3 0-0 10. Bg5 Nc6 11. Qd3 h6 12. Bh4 Nh5 13. Bxe7 Nxe7 14. Bb3 b6 15. Bc2 Nf6 16. Ne5 Bb7 17. Ng4 Ng6 18. Qg3 Nh5 19. Qe3 Nhf4 20. f3 Qg5 21. g3 Nh3+ 22. Kg2 Qxg4 23. Be4 Bxe4 24. Nxe4 Qh5 25. g4 Nhf4+ 26. Kh1 Qd5 27. Nc3 Qd7 28. h4 Nd5 29. Qf2 Nxc3 30. bxc3 Rac8 31. h5 Nf4 32. Qg3 Ne2 33. Qg2 Nxc3 34. g5 hxg5 35. Qxg5 Qd5 36. Qg4 Qf5 37. Qh4 Nd5 38. Rg1 Qxf3+ 39. Kh2 Rc2+ 0-1

[Event "Titled Tuesday intern op 16th Jan Early"]
[Site "Chess.com INT"]
[Date "2024.01.16"]
[Round "10"]
[White "Ashraf, Artin"]
[Black "Grischuk, Alexander"]
[Result "1/2-1/2"]
[WhiteElo "2399"]
[BlackElo "2732"]
[PlyCount "143"]
[EventDate "2024.01.16"]
[EventType "swiss (blitz)"]
[EventRounds "11"]
[EventCountry "USA"]
[SourceTitle "CB04_2024"]
[SourceDate "2023.10.16"]
[SourceVersion "1"]
[SourceVersionDate "2023.10.16"]
[SourceQuality "1"]

1. d4 e6 2. c4 b6 3. g3 Bb7 4. Nf3 Bb4+ 5. Bd2 Bxf3 6. exf3 Bxd2+ 7. Qxd2 Ne7 8. Nc3 d5 9. cxd5 Nxd5 10. Bc4 Nxc3 11. bxc3 0-0 12. 0-0 Nc6 13. f4 Na5 14. Bd3 g6 15. Qe2 Qd6 16. Rfd1 Rad8 17. h4 c5 18. Be4 Rfe8 19. Qa6 cxd4 20. Qxa7 Qc5 21. cxd4 Rxd4 22. Rxd4 Qxd4 23. Re1 Nc4 24. Qa4 Rd8 25. Bg2 Qc3 26. Rd1 Rxd1+ 27. Qxd1 Nd2 28. Qa4 Kg7 29. Qd7 h5 30. Bc6 Qa1+ 31. Kh2 Qxa2 32. Qd4+ Kg8 33. Qd8+ Kg7 34. Qd4+ Kg8 35. Qxb6 Qc2 36. Bg2 Nb3 37. Qe3 Nc5 38. Bf3 Qc4 39. Kg2 Qb4 40. Qe2 Nd7 41. Qd3 Nf6 42. Qe3 Qd6 43. Qe2 Nd7 44. Qb2 Nf8 45. Qf6 Nh7 46. Qc3 Nf8 47. Qa5 Nh7 48. Be4 Kg7 49. Qc3+ Kg8 50. Bf3 Nf8 51. Be4 Nh7 52. Qc8+ Kg7 53. Bf3 Qd4 54. Qc7 Nf6 55. Qc2 Nd5 56. Qe2 Nc3 57. Qe1 Nb5 58. Qe2 Nc3 59. Qe1 Nd5 60. Qe2 Ne7 61. Qe4 Nf5 62. Qe2 Qc3 63. Be4 Nd6 64. Bf3 Qd4 65. Qa6 Nf5 66. Qe2 Ne7 67. Be4 Ng8 68. Bf3 Nf6 69. Qe1 Ng8 70. Qe2 Nh6 71. Qe1 Nf5 72. Qe2 1/2-1/2

[Event "Titled Tuesday intern op 09th Jan Early"]
[Site "Chess.com INT"]
[Date "2024.01.09"]
[Round "9"]
[White "Ashraf, Artin"]
[Black "Plyasunov, Daniil"]
[Result "1-0"]
[WhiteElo "2399"]
[BlackElo "2249"]
[PlyCount "81"]
[EventDate "2024.01.09"]
[EventType "swiss (blitz)"]
[EventRounds "11"]
[EventCountry "USA"]
[SourceTitle "CB03_2024"]
[SourceDate "2024.01.17"]
[SourceVersion "1"]
[SourceVersionDate "2024.01.17"]
[SourceQuality "1"]

1. d4 Nf6 2. c4 e6 3. Nc3 Bb4 4. e3 0-0 5. Bd3 Re8 6. Nge2 d5 7. 0-0 c6 8. Ng3 Nbd7 9. Bd2 Bf8 10. Qc2 h6 11. Rad1 dxc4 12. Bxc4 e5 13. Qb3 Nd5 14. Nxd5 cxd5 15. Bxd5 Qf6 16. Bc3 Qg6 17. Be4 Qf6 18. dxe5 Qe7 19. Nf5 Qg5 20. f4 Qh5 21. Ng3 Qh4 22. Bd5 Nc5 23. Bxf7+ Kh8 24. Qc2 Bg4 25. Bxe8 Bxd1 26. Rxd1 Rxe8 27. Qg6 Rd8 28. Rd4 Rxd4 29. Bxd4 Nd7 30. e6 Nf6 31. Bxf6 gxf6 32. Qe8 Qg4 33. Qxf8+ Kh7 34. Qf7+ Kh8 35. Qxf6+ Kh7 36. Qf7+ Kh8 37. e7 Qd1+ 38. Kf2 Qd7 39. e8Q+ Qxe8 40. Qxe8+ Kg7 41. Nh5+ 1-0

[Event "Titled Tuesday intern op 09th Jan Early"]
[Site "Chess.com INT"]
[Date "2024.01.09"]
[Round "4"]
[White "Ashraf, Artin"]
[Black "Zhu, Jiner"]
[Result "1-0"]
[WhiteElo "2399"]
[BlackElo "2467"]
[PlyCount "67"]
[EventDate "2024.01.09"]
[EventType "swiss (blitz)"]
[EventRounds "11"]
[EventCountry "USA"]
[SourceTitle "CB03_2024"]
[SourceDate "2024.01.17"]
[SourceVersion "1"]
[SourceVersionDate "2024.01.17"]
[SourceQuality "1"]

1. d4 Nf6 2. c4 g6 3. Nf3 Bg7 4. e3 0-0 5. Be2 d6 6. 0-0 Nbd7 7. Nc3 e5 8. Qc2 Re8 9. b4 Nf8 10. b5 e4 11. Nd2 Bf5 12. a4 h5 13. a5 N8h7 14. Ba3 Ng4 15. h3 Ngf6 16. Rfc1 Ng5 17. Qd1 h4 18. Nf1 Qd7 19. Nh2 c6 20. a6 bxa6 21. bxc6 Qxc6 22. Qa4 Qc8 23. Bxd6 Bxh3 24. gxh3 Nxh3+ 25. Kg2 Qf5 26. Rf1 Ng5 27. Qd1 Qh3+ 28. Kh1 Rad8 29. Rxa6 Re6 30. c5 Bf8 31. Bf4 Rxa6 32. Bxg5 Re6 33. Bxf6 Rxf6 34. Bg4 1-0

[Event "Titled Tuesday intern op 12th Dec Early"]
[Site "Chess.com INT"]
[Date "2023.12.12"]
[Round "1"]
[White "Dinu, Dumitru Daniel"]
[Black "Ashraf, Artin"]
[Result "0-1"]
[WhiteElo "2190"]
[BlackElo "2399"]
[PlyCount "178"]
[EventDate "2023.12.12"]
[EventType "swiss (blitz)"]
[EventRounds "11"]
[EventCountry "USA"]
[SourceTitle "CB51_2023"]
[SourceDate "2023.12.20"]
[SourceVersion "1"]
[SourceVersionDate "2023.12.20"]
[SourceQuality "1"]

1. e4 e5 2. Nf3 Nc6 3. Bb5 a6 4. Ba4 Nf6 5. d3 d6 6. c3 b5 7. Bb3 Be7 8. 0-0 0-0 9. Re1 Na5 10. Bc2 c5 11. Nbd2 Qc7 12. Nf1 c4 13. d4 Nc6 14. Ne3 exd4 15. Nxd4 Nxd4 16. Qxd4 Be6 17. Nd5 Bxd5 18. exd5 Rfe8 19. Bg5 h6 20. Bh4 Qc5 21. Qxc5 dxc5 22. Bxf6 Bxf6 23. d6 Red8 24. Rad1 g6 25. d7 Kf8 26. Be4 Ra7 27. Bc6 Be7 28. Re3 Rc7 29. Rde1 Rxc6 30. Rxe7 Kg7 31. Rd1 Re6 32. Rxe6 fxe6 33. Rd6 Kf6 34. Kf1 Ke7 35. Rxa6 Rxd7 36. Ke2 b4 37. Rc6 Ra7 38. Rxc5 Rxa2 39. Rxc4 Rxb2+ 40. Kf3 Rb3 41. Rxb4 Rxc3+ 42. Ke2 Kf6 43. Re4 Rc2+ 44. Kf3 Kf5 45. Re3 Rc4 46. Kg3 Rg4+ 47. Kf3 Rf4+ 48. Ke2 e5 49. h3 Rb4 50. Kf3 Rb2 51. g4+ Kf6 52. Kg3 Rb4 53. Ra3 Rc4 54. Ra6+ Kf7 55. f3 Rc3 56. Rb6 e4 57. Rb7+ Kf6 58. Rb6+ Kf7 59. Rb7+ Ke8 60. Kf4 exf3 61. Kg3 f2+ 62. Kxf2 Rxh3 63. Kg2 Rh4 64. Rb6 Rxg4+ 65. Kf3 h5 66. Rf6 Ke7 67. Ra6 Kf7 68. Rb6 Kg7 69. Rb5 Kh6 70. Rb3 Kg5 71. Rb1 Rf4+ 72. Kg3 Rf5 73. Rh1 h4+ 74. Kh3 Rf3+ 75. Kg2 Rg3+ 76. Kf2 Kg4 77. Rd1 g5 78. Re1 Kh3 79. Rh1+ Kg4 80. Re1 Rb3 81. Re4+ Kf5 82. Rc4 Rd3 83. Kg2 Kg6 84. Rc5 Kh5 85. Rc4 h3+ 86. Kh2 g4 87. Rc2 Kh4 88. Rc8 g3+ 89. Kg1 Rd1# 0-1

[Event "Titled Tuesday intern op 14th Nov Early"]
[Site "Chess.com INT"]
[Date "2023.11.14"]
[Round "3"]
[White "Ashraf, Artin"]
[Black "Molenda, Marcin"]
[Result "1-0"]
[WhiteElo "2399"]
[BlackElo "2387"]
[PlyCount "71"]
[EventDate "2023.11.14"]
[EventType "swiss (blitz)"]
[EventRounds "11"]
[EventCountry "USA"]
[SourceTitle "CB47_2023"]
[SourceDate "2023.11.22"]
[SourceVersion "1"]
[SourceVersionDate "2023.11.22"]
[SourceQuality "1"]

1. e4 e5 2. Nf3 Nf6 3. Nxe5 d6 4. Nf3 Nxe4 5. d3 Nf6 6. g3 d5 7. Bg2 Bd6 8. 0-0 0-0 9. a3 h6 10. b4 a5 11. b5 a4 12. Nc3 Nbd7 13. Re1 Re8 14. Be3 Qe7 15. Bf4 Qf8 16. Rxe8 Nxe8 17. Nxd5 Bxa3 18. Nxc7 Nxc7 19. Bxc7 Bb2 20. Ra2 a3 21. c4 Qb4 22. Ne1 Nc5 23. Bd6 Qb3 24. Qxb3 Nxb3 25. Nc2 Nc1 26. Bxa3 Nxa2 27. Bxb2 Bf5 28. Bxb7 Rb8 29. Be4 Bxe4 30. dxe4 Rd8 31. b6 Kf8 32. c5 Ke7 33. b7 Kd7 34. Be5 Kc6 35. b8Q Rxb8 36. Bxb8 1-0